Nihon Nōmin Kumiai undōshi /

Saved in:
நூற்பட்டியல் விவரங்கள்
தலைமை எழுத்தாளர்: Kuroda, Hisao, 1899-
மற்ற எழுத்தாளர்கள்: Ikeda, Tsuneo, 1909-
வடிவம்: புத்தகம்
மொழி:Japanese
வெளியீடப்பட்டது: Tōkyō : Shinchi Shobō, Shōwa 24 [1949]
பகுதிகள்:
குறியீடுகள்: குறிச்சொல் இணை
குறியீடுகள் இல்லை, இந்த குறிச்சொல்லை முதலில் பதிவு செய்யுங்கள்!
LEADER 01061nam a2200301 a 4500
001 007769733-2
005 20024617115958.0
008 880603s1949 ja 000 0 jpn
010 |a 88144867 /AJ 
035 0 |a ocm18985065 
035 0 |a ocm18985065  |z ocm08074447 
040 |a DLC  |c DLC  |d OCoLC  |d *YNH*  |d CStRLIN 
043 |a a-ja--- 
050 0 |a HD1486.J3  |b K88 1949 
100 1 |6 880-01  |a Kuroda, Hisao,  |d 1899- 
245 1 0 |6 880-02  |a Nihon Nōmin Kumiai undōshi /  |c Kuroda Hisao, Ikeda Tsuneo kyōcho. 
260 |6 880-03  |a Tōkyō :  |b Shinchi Shobō,  |c Shōwa 24 [1949] 
300 |a 2, 5, 332 p. ;  |c 19 cm. 
500 |a Colophon inserted. 
610 2 0 |6 880-04  |a Nihon Nōmin Kumiai  |x History. 
700 1 |6 880-05  |a Ikeda, Tsuneo,  |d 1909- 
880 1 |6 100-01  |a 黑田壽男,  |d 1899- 
880 1 0 |6 245-02  |a 日本農民組合運動史 /  |c 黑田壽男, 池田恒雄共著. 
880 |6 260-03  |a 東京 :  |b 新地書房,  |c 昭和24 [1949] 
880 2 0 |6 610-04  |a 日本農民組合  |x History. 
880 1 |6 700-05  |a 池田恒雄,  |d 1909- 
988 |a 20021214 
906 |0 DLC